| Tag |
First Indicator |
Second Indicator |
Subfields |
| LEADER |
00000cam a2200000 i 4500 |
| 001 |
in00000567921 |
| 005 |
20151014055318.0 |
| 008 |
800314c19301914nyu 00010 eng d |
| 035 |
|
|
|a (OCoLC)06082133
|
| 035 |
|
|
|9 ACK7919AM
|
| 040 |
|
|
|a MBB
|c MBB
|d m.c.
|d TXA
|d UtOrBLW
|
| 049 |
|
|
|a TXAM
|c [A08346009]
|
| 090 |
|
|
|a PR5363
|b .A25 1930
|
| 100 |
1 |
|
|a Shaw, Bernard,
|d 1856-1950.
|
| 245 |
1 |
0 |
|a Misalliance :
|b The dark lady of the Sonnets ; and Fanny's first play ; with a treatise on Parents and children /
|c by Bernard Shaw.
|
| 264 |
|
1 |
|a New York :
|b Brentano's,
|c 1930
|
| 264 |
|
4 |
|c ©1914
|
| 300 |
|
|
|a cxxvi, 245 pages ;
|c 19 cm.
|
| 336 |
|
|
|a text
|b txt
|2 rdacontent
|
| 337 |
|
|
|a unmediated
|b n
|2 rdamedia
|
| 338 |
|
|
|a volume
|b nc
|2 rdacarrier
|
| 740 |
4 |
|
|a The dark lady of the sonnets.
|
| 740 |
0 |
|
|a Fanny's first play.
|
| 740 |
0 |
|
|a Parents and children.
|
| 999 |
|
|
|a MARS
|
| 999 |
f |
f |
|s c5ffd86c-9b8e-3f75-9806-5c7d34485c4f
|i cade8b9b-e90c-3b60-a23f-a9f725447619
|t 0
|
| 952 |
f |
f |
|p normal
|a Texas A&M University
|b College Station
|c Sterling C. Evans Library
|d Evans: Library Stacks
|t 0
|e PR5363 .A25 1930
|h Library of Congress classification
|i unmediated -- volume
|m A14808346009
|
| 998 |
f |
f |
|a PR5363 .A25 1930
|t 0
|l Evans: Library Stacks
|